1393 1921 1560 1787 1707 1472 1729 1873 1727 1020 1439 1740 1585 1837 1244 1578 1685 1688 1601 1304 1706 1517 1808 1196 1485 1852 1090 1472 1739 1761 1330 1620 1838 1260 1783 1747 1340 1925 1653 1681 1338 1061 1123 1104 1844 1845 1204 1188 1773 1481 1012 1044 1491 1500 1090 1281 1714 1857 1877 1700 1827 1895 1009 1072 1531 1337 1781 1897 1350 1415 1577 1868 1039 1128 1686 1637 1373 1543 1614 1163 1169 1690 1882 1222 1984 1672 1334 1852 1264 1289 1808 1463 1458 1563 1623 1218 1227 1742 1495 BCNSPRNW ULIB Ver.6.0+V

เปลี่ยนเป็นภาษาไทย

Change to English
 แสดงรายละเอียดบรรณานุกรม
  กลับหน้าหลัก

Brief Record : Get Marc (ISO 2709) : E-mail record : QR code < ปิดหน้าต่าง
LEADER : 00000nam 2200000uu 4500
001    13399128400
003     ULIB
008    230815s2564||||th 000 0 tha d
020    ^a9786164433892
060  4 ^aWI39^bต367
245 00 ^aตำราโรคระบบทางเดินอาหารและตับในเวชปฏิบัติ =^bPracticalgastroenterology & hepatology /^cบรรณาธิการ, มณฑิรา มณีรัตนะพร, สุพจน์ นิ่มอนงค์, อวยพร เค้าสมบัติวัฒนา
246 30 ^aPractical gastroenterology and hepatology
246 31 ^aPractical gastroenterology & hepatology
250    ^aพิมพ์ครั้งที่ 2
260    ^aกรุงเทพฯ :^bสาขาวิชาโรคระบบทางเดินอาหาร ภาควิชาอายุรศาสตร์คณะแพทยศาสตร์ศิริราชพยาบาล,^c2564
300    ^axiii, 834 หน้า :^bภาพประกอบ ;^c24 ซม.
504    ^aมีบรรณานุกรมและดรรชนี
505 2  ^aกรดไหลย้อน -- หลอดอาหารทำงานผิดปกติ -- กระเพาะอาหารแปรปรวน --แผลเปปติก --ภาวะแทรกซ้อนในทางเดินอาหารจากยาต้านอักเสบที่ไม่ใช่เสตียรอยด์ยาต้านเกล็ดเลือดและ/หรือ ยาต้านการแข็งตัวของเลือด --เลือดออกจากทางเดินอาหารส่วนบน -- เลือดออกจากทางเดินอาหารส่วนกลาง-- เลือดออกจากทางเดินอาหารส่วนล่าง --ติ่งเนื้อลำไส้ใหญ่และโรคติ่งเนื้อลำไส้ใหญ่ --เคล็ดลับในการดูแลผู้ป่วยท้องเสียเรื้อรัง -- ภาวะการดูดซึมอาหารผิดปกติ --ท้องผูกเรื้อรัง -- ลำไส้แปรปรวน -- ท้องเสียจากเชื้อ C.difficile --ลำไส้อักเสบเรื้อรัง -- กระเปาะสำไส้ใหญ่และภาวะแทรกซ้อน --ลำไส้ขาดเลือด -- ทางเดินน้ำดีชนิดไม่ร้ายแรง -- ท่อน้ำดีอักเสบเฉียบพลัน -- มะเร็งท่อน้ำดี -- ตับอ่อนอักเสบ -- มะเร็งตับอ่อน -- ไวรัสตับอักเสบเอและไวรัสตับอักเสบอี -- ไวรัสตับอักเสบบี -- ไวรัสตับอักเสบซี -- ฝีในตับ -- โรคตับจากแอลกอฮอล์ -- ไขมันพอกตับที่ไม่ได้เกิดจากแอลกอฮอล์ --โรคตับจากพันธุกรรม -- โรคตับออโตอิมมูน -- ตับอักเสบจากยา --ตับวายเฉียบพลัน/ตับวายเฉียบพลันในโรคตับเรื้อรัง --เกณฑ์และการคัดเลือกผู้ป่วยสำหรับการปลูกถ่ายตับ --ตับแข็งและภาวะแทรกซ้อน -- มะเร็งเซลล์ตับ -- โรคหลอดเลือดของตับ --โรคตับในหญิงตั้งครรภ์ --ปัญหาที่พบบ่อยของระบบทางเดินอาหารและตับในผู้ป่วยใน --ลักษณะคลินิกของระบบทางเดินอาหารในโรคระบบอื่นๆ --ลักษณะคลิกนิกของตับในโรคระบบอื่นๆ --การใช้ยารักษาโรคทางเดินอาหารและตับในหญิงตั้งครรภ์ --โภชนบำบัดสำหรับผู้ป่วยโรคทางเดินอาหารและตับ --การแปลผลเอกซเรีย์คอมพิวเตอร์ช่องท้อง
650  2 ^aGastroenterology
650  4 ^aวิทยากระเพาะอาหารและลำไส้
650  4 ^aระบบกระเพาะอาหารและลำไส้
700 0  ^aมณฑิรา มณีรัตนะพร,^eบรรณาธิการ
700 0  ^aสุพจน์ นิ่มอนงค์,^eบรรณาธิการ
700 0  ^aอวยพร เค้าสมบัติวัฒนา,^eบรรณาธิการ
945    ^p720^l0^i010060
945    ^p720^l0^i010061
945    ^p720^l0^i010062
945    ^p720^l0^i010063
945    ^p720^l0^i010064
945    ^p720^l0^i010065
945    ^p720^l0^i010066
999    ^aประนอม เกษจรัล
รายการนี้ยังไม่มีแท็ก
คุณยังไม่ได้ล็อกอิน คุณสามารถมีกิจกรรมร่วมกับเว็บไซต์ได้ แต่ต้องล็อกอินก่อน ::
  ล็อกอิน

รายการสื่อสารสนเทศ

ลำดับที่ ประเภท เลขเรียก/บาร์โค้ด สถานที่ สถานะ
1. วิทยาศาสตร์การแพทย์ และสุขภาพ
หนังสือสำรอง
สถานะ=หนังสือสำรอง
WI39 ต367 ฉ.1 
  Barcode: 010060
ห้องสมุดวิทยาเขตสวรรค์ประชารักษ์
►หนังสือทั่วไป
บนชั้น
2. วิทยาศาสตร์การแพทย์ และสุขภาพ
วิทยาศาสตร์การแพทย์ และสุขภาพ
WI39 ต367 ฉ.2 
  Barcode: 010061
ห้องสมุดวิทยาเขตสวรรค์ประชารักษ์
►หนังสือทั่วไป
บนชั้น
3. วิทยาศาสตร์การแพทย์ และสุขภาพ
วิทยาศาสตร์การแพทย์ และสุขภาพ
WI39 ต367 ฉ.3 
  Barcode: 010062
ห้องสมุดวิทยาเขตสวรรค์ประชารักษ์
►หนังสือทั่วไป
บนชั้น
4. วิทยาศาสตร์การแพทย์ และสุขภาพ
วิทยาศาสตร์การแพทย์ และสุขภาพ
WI39 ต367 ฉ.4 
  Barcode: 010063
ห้องสมุดวิทยาเขตสวรรค์ประชารักษ์
►หนังสือทั่วไป
บนชั้น
5. วิทยาศาสตร์การแพทย์ และสุขภาพ
วิทยาศาสตร์การแพทย์ และสุขภาพ
WI39 ต367 ฉ.5 
  Barcode: 010064
ห้องสมุดวิทยาเขตสวรรค์ประชารักษ์
►หนังสือทั่วไป
บนชั้น
6. วิทยาศาสตร์การแพทย์ และสุขภาพ
วิทยาศาสตร์การแพทย์ และสุขภาพ
WI39 ต367 ฉ.6 
  Barcode: 010065
ห้องสมุดวิทยาเขตสวรรค์ประชารักษ์
►หนังสือทั่วไป
บนชั้น
7. วิทยาศาสตร์การแพทย์ และสุขภาพ
วิทยาศาสตร์การแพทย์ และสุขภาพ
WI39 ต367 ฉ.7 
  Barcode: 010066
ห้องสมุดวิทยาเขตสวรรค์ประชารักษ์
►หนังสือทั่วไป
บนชั้น

รายการใกล้เคียง
    หัวเรื่อง [Gastroenterology]
    หัวเรื่อง [วิทยากระเพาะอาหารและลำไส้]
    หัวเรื่อง [ระบบกระเพาะอาหารและลำไส้]

BibComment


ยังไม่เคยถูกคอมเมนท์

คอมเมนท์ทรัพยากรรายการนี้
  คอมเมนท์: ตำราโรคระบบทางเด..


 Copyright 2026. Bcnsprnw @Library